[Event "Lindores Abbey Tal Blitz 2021"]
[Site "Riga"]
[Date "2021.11.08"]
[Round "16.41"]
[White "Budisavljevic, Luka"]
[Black "Ernst, Sipke"]
[Result "1-0"]
[WhiteElo "2511"]
[BlackElo "2532"]
[Annotator "ChessBase"]
[PlyCount "33"]
[EventDate "2021.11.02"]
[EventType "swiss"]
[EventCountry "LAT"]
[SourceTitle "playchess.com"]
[Source "ChessBase"]
[SourceQuality "1"]

1. d4 d5 2. Bf4 c5 3. e3 Nc6 4. c3 Qb6 5. Qb3 c4 6. Qc2 Bf5 7. Qxf5 Qxb2 8.
Qxd5 Qxa1 9. Qb5 O-O-O 10. Bxc4 e5 11. Ne2 a6 12. Qb6 Rd6 13. dxe5 Nxe5 14.
Qc5+ Nc6 15. O-O Rd8 16. Qb6 Bd6 17. Bxa6 1-0

[Event "Lindores Abbey Tal Blitz 2021"]
[Site "Riga"]
[Date "2021.11.08"]
[Round "16.42"]
[White "Munguntuul, Batkhuyag"]
[Black "Tregubov, Pavel V."]
[Result "1-0"]
[WhiteElo "2433"]
[BlackElo "2537"]
[Annotator "ChessBase"]
[PlyCount "43"]
[EventDate "2021.11.02"]
[EventType "swiss"]
[EventCountry "LAT"]
[SourceTitle "playchess.com"]
[Source "ChessBase"]
[SourceQuality "1"]

1. e4 e5 2. Nf3 Nf6 3. d4 Nxe4 4. Bd3 d5 5. Nxe5 Nd7 6. Nxd7 Bxd7 7. O-O Nf6 8.
Re1+ Be7 9. Bf4 Be6 10. Nd2 O-O 11. h3 Re8 12. Qf3 Qd7 13. Be5 h6 14. Nf1 Nh7
15. Ng3 Bd6 16. Bxg7 Kxg7 17. Nh5+ Kh8 18. Bxh7 f5 19. Nf6 Qf7 20. Nxe8 Rxe8
21. Bxf5 Bd7 22. Bxd7 1-0

[Event "Lindores Abbey Tal Blitz 2021"]
[Site "Riga"]
[Date "2021.11.08"]
[Round "16.43"]
[White "Saduakassova, Dinara"]
[Black "Harika, Dronavalli"]
[Result "1-0"]
[WhiteElo "2491"]
[BlackElo "2511"]
[Annotator "ChessBase"]
[PlyCount "63"]
[EventDate "2021.11.02"]
[EventType "swiss"]
[EventCountry "LAT"]
[SourceTitle "playchess.com"]
[Source "ChessBase"]
[SourceQuality "1"]

1. d4 d5 2. Nf3 Nf6 3. Bf4 g6 4. e3 Bg7 5. Bd3 O-O 6. Nbd2 c5 7. c3 b6 8. Qe2
Nc6 9. Ne5 Bb7 10. h4 cxd4 11. exd4 h5 12. Ndf3 Nxe5 13. Nxe5 Qc8 14. f3 a5 15.
g4 Ba6 16. O-O-O a4 17. a3 Bxd3 18. Qxd3 b5 19. Kb1 Qb7 20. Rhg1 Ra6 21. Bg5
Rfa8 22. Rde1 b4 23. cxb4 Rc8 24. Rc1 Raa8 25. gxh5 Nxh5 26. Nxg6 Rxc1+ 27.
Bxc1 fxg6 28. Qxg6 e5 29. Qxh5 Ra6 30. Bh6 Rxh6 31. Qxh6 exd4 32. Rxg7+ 1-0

[Event "Lindores Abbey Tal Blitz 2021"]
[Site "Riga"]
[Date "2021.11.08"]
[Round "16.44"]
[White "Chigaev, Maksim"]
[Black "Padmini, Rout"]
[Result "1-0"]
[WhiteElo "2626"]
[BlackElo "2353"]
[Annotator "TA"]
[PlyCount "67"]
[EventDate "2021.11.02"]
[EventType "swiss"]
[EventCountry "LAT"]
[SourceTitle "playchess.com"]
[Source "ChessBase"]
[SourceQuality "1"]

1. b3 e5 2. Bb2 Nc6 3. e3 Nf6 4. Bb5 Bd6 5. Na3 a6 6. Bxc6 dxc6 7. Nc4 Qe7 8.
Ne2 O-O 9. O-O b5 10. Nxd6 cxd6 11. f4 Ne4 12. d3 Nc5 13. fxe5 dxe5 14. Ng3 f6
15. Kh1 a5 16. a4 b4 17. Qf3 Qd7 18. Rad1 Ne6 19. Nf5 Kh8 20. Qg3 c5 21. e4 Nd4
22. Ne3 Bb7 23. Rd2 Ne6 24. Rdf2 Nf4 25. Rxf4 exf4 26. Rxf4 Rae8 27. h3 Re6 28.
Rf5 Qe7 29. Rh5 g6 30. Qxg6 Rg8 31. Qf5 Qf7 32. Rxh7+ Qxh7 33. Qxe6 Qh6 34.
Bxf6+ 1-0

[Event "Lindores Abbey Tal Blitz 2021"]
[Site "Riga"]
[Date "2021.11.08"]
[Round "16.45"]
[White "Muzychuk, Mariya"]
[Black "Sjugirov, Sanan"]
[Result "0-1"]
[WhiteElo "2536"]
[BlackElo "2663"]
[Annotator "TA"]
[PlyCount "108"]
[EventDate "2021.11.02"]
[EventType "swiss"]
[EventCountry "LAT"]
[SourceTitle "playchess.com"]
[Source "ChessBase"]
[SourceQuality "1"]

1. e4 c5 2. Nf3 d6 3. Bb5+ Nd7 4. O-O a6 5. Bd3 Ngf6 6. c3 Ne5 7. Nxe5 dxe5 8.
Qe2 e6 9. a4 b6 10. Bc2 Be7 11. d3 O-O 12. f4 exf4 13. Bxf4 Bb7 14. Nd2 b5 15.
Nf3 Rc8 16. axb5 axb5 17. d4 cxd4 18. cxd4 Rxc2 19. Qxc2 Bxe4 20. Qd2 Bb7 21.
Qd3 Qb6 22. Kh1 Be4 23. Qd2 h6 24. Rae1 Qb7 25. Be5 Rc8 26. Qf4 Bd3 27. Rg1 Rc2
28. Bxf6 Bxf6 29. Re3 Bf5 30. b3 Kh7 31. Qd6 Be7 32. Qg3 Qd5 33. Qe5 Qxe5 34.
Nxe5 Bg5 35. Rf3 f6 36. Nf7 Be4 37. Nxg5+ hxg5 38. Re3 Bd5 39. Rg3 b4 40. h3
Rb2 41. Kh2 Bxb3 42. Rc1 Bd5 43. Rc8 b3 44. Rb8 Rd2 45. Rg4 Kg6 46. h4 Kf5 47.
Kh3 Rd3+ 48. Rg3 Rxg3+ 49. Kxg3 gxh4+ 50. Kxh4 Ke4 51. Kh5 Kxd4 52. Kg6 f5 53.
Kxg7 Kc3 54. Kf6 b2 0-1

[Event "Lindores Abbey Tal Blitz 2021"]
[Site "Riga"]
[Date "2021.11.08"]
[Round "16.46"]
[White "Shuvalova, Polina"]
[Black "Kosteniuk, Alexandra"]
[Result "1-0"]
[WhiteElo "2515"]
[BlackElo "2518"]
[Annotator "ChessBase"]
[PlyCount "139"]
[EventDate "2021.11.02"]
[EventType "swiss"]
[EventCountry "LAT"]
[SourceTitle "playchess.com"]
[Source "ChessBase"]
[SourceQuality "1"]

1. e4 c6 2. d4 d5 3. exd5 cxd5 4. Bd3 Nc6 5. c3 Nf6 6. Bf4 Bg4 7. Qb3 Qc8 8.
Nd2 e6 9. Ngf3 Bxf3 10. Nxf3 Be7 11. O-O O-O 12. Rfe1 Nd7 13. Qd1 Qd8 14. Bc2
Re8 15. Qd3 Nf8 16. g3 Ng6 17. h4 Bd6 18. Bg5 f6 19. Bd2 Qc7 20. h5 Nf8 21. Re2
Re7 22. Rae1 Rae8 23. Kg2 a6 24. Bc1 b5 25. a4 Qb8 26. axb5 axb5 27. b4 Nd8 28.
Nd2 Nf7 29. Nb3 Qb7 30. Nc5 Bxc5 31. bxc5 Qc6 32. Kg1 Ra7 33. Bf4 Rea8 34. Qf3
Ra1 35. Bd3 Rxe1+ 36. Rxe1 Ra3 37. Rb1 Rxc3 38. Bxh7+ Nxh7 39. Qxc3 Nhg5 40.
Bxg5 Nxg5 41. Qa5 Nf3+ 42. Kg2 Nxd4 43. Qb6 Qe8 44. h6 Qh5 45. Qb8+ Kh7 46. Qf4
e5 47. Qe3 gxh6 48. Ra1 Qf5 49. Rc1 Nc6 50. Rh1 Qg6 51. Qf3 Nb4 52. Ra1 Qf7 53.
Qf5+ Kh8 54. Ra8+ Kg7 55. Qg4+ Kh7 56. Qxb4 Qb7 57. Ra1 d4+ 58. Kg1 d3 59. Re1
Qd7 60. Qe4+ Kg7 61. c6 Qd6 62. Qg4+ Kf7 63. Qe4 Ke6 64. Rd1 f5 65. Qxd3 Qxc6
66. Qd2 f4 67. gxf4 Kf5 68. fxe5 Qf3 69. Qd3+ Qxd3 70. Rxd3 1-0

[Event "Lindores Abbey Tal Blitz 2021"]
[Site "Riga"]
[Date "2021.11.08"]
[Round "16.47"]
[White "Donchenko, Alexander"]
[Black "Girya, Olga"]
[Result "1-0"]
[WhiteElo "2645"]
[BlackElo "2402"]
[Annotator "TA"]
[PlyCount "141"]
[EventDate "2021.11.02"]
[EventType "swiss"]
[EventCountry "LAT"]
[SourceTitle "playchess.com"]
[Source "ChessBase"]
[SourceQuality "1"]

1. e4 e5 2. Nf3 Nc6 3. Bb5 a6 4. Ba4 Nf6 5. O-O Nxe4 6. Re1 Nc5 7. Nxe5 Nxe5 8.
Rxe5+ Be7 9. c3 Nxa4 10. Qxa4 O-O 11. d4 d5 12. Nd2 Bd6 13. Re1 Bf5 14. Nf1 Re8
15. Bd2 Qd7 16. Qb3 c6 17. Ng3 Bg6 18. a4 h6 19. a5 Kf8 20. Ne2 Qc7 21. g3 Re7
22. Nf4 Bf5 23. Rxe7 Bxe7 24. Re1 Re8 25. f3 Bd6 26. Rxe8+ Kxe8 27. Kf2 Kf8 28.
Ne2 h5 29. Bf4 Bxf4 30. Nxf4 h4 31. Qb4+ Kg8 32. Qc5 hxg3+ 33. hxg3 Qd8 34. Qb6
Qe7 35. Qa7 Kh7 36. Qb8 f6 37. b4 g5 38. Ng2 Bd3 39. Ne3 Kg7 40. Qc8 Bg6 41.
Qg4 Qc7 42. f4 gxf4 43. gxf4 Kf7 44. Qh4 Be4 45. f5 Qe7 46. Kg3 Ke8 47. Qf4 Kd7
48. Ng4 Qg7 49. Qh6 Qxh6 50. Nxh6 Ke7 51. Kf4 Bd3 52. Ng4 Be2 53. Ne3 Bd3 54.
Nd1 Bc2 55. Ne3 Bd3 56. Kg4 Be4 57. Kh5 Kf7 58. Kh6 Bd3 59. Kh5 Be2+ 60. Kh4
Bd3 61. Kg4 Ke7 62. Kf4 Be2 63. Nc2 Bd3 64. Na1 Bc4 65. Ke3 Kf7 66. Nc2 Kg7 67.
Na3 Bf1 68. Nb1 Kh6 69. Nd2 Bh3 70. Kf4 Bg2 71. Nb3 1-0

[Event "Lindores Abbey Tal Blitz 2021"]
[Site "Riga"]
[Date "2021.11.08"]
[Round "16.48"]
[White "Cori T., Deysi"]
[Black "Socko, Monika"]
[Result "1-0"]
[WhiteElo "2396"]
[BlackElo "2393"]
[Annotator "TA"]
[PlyCount "191"]
[EventDate "2021.11.02"]
[EventType "swiss"]
[EventCountry "LAT"]
[SourceTitle "playchess.com"]
[Source "ChessBase"]
[SourceQuality "1"]

1. d4 e6 2. Nf3 b6 3. g3 Bb7 4. Bg2 Nf6 5. O-O c5 6. dxc5 Bxc5 7. a3 a5 8. c4
O-O 9. Nc3 d5 10. Ne5 Qe7 11. cxd5 exd5 12. Nd3 d4 13. Na4 Bxg2 14. Kxg2 Nbd7
15. Re1 Rfe8 16. Qb3 Qe4+ 17. Kg1 Qd5 18. Qb5 Qh5 19. Nf4 Qe5 20. Bd2 Bf8 21.
Qxe5 Rxe5 22. b3 Nd5 23. Nd3 Re6 24. Nab2 Rae8 25. Kf1 h6 26. h4 Rc6 27. Nc4 a4
28. Ndb2 axb3 29. Rad1 N7f6 30. Bc1 Bc5 31. Rd3 Nc3 32. e3 Rce6 33. Kg2 Ncd5
34. Rxb3 dxe3 35. Nxe3 Nxe3+ 36. Bxe3 Nd5 37. Nc4 Nxe3+ 38. Nxe3 Bxe3 39. Rexe3
Rxe3 40. fxe3 Ra8 41. Kf3 Ra4 42. g4 g6 43. e4 Kg7 44. Kf4 Kf6 45. Rxb6+ Kg7
46. Rb3 Ra5 47. Kf3 Ra4 48. Kf4 Ra5 49. Rd3 Ra4 50. g5 h5 51. Rb3 Ra5 52. Ke3
Ra4 53. Kd3 Kf8 54. Ke3 Ke7 55. Kf4 Ke6 56. Rb6+ Ke7 57. Rb3 Ke6 58. Rd3 Ke7
59. Ke5 Ra5+ 60. Kd4 Ra4+ 61. Kd5 Ra5+ 62. Kd4 Ra4+ 63. Ke5 Ra5+ 64. Kf4 Ra4
65. Re3 Ke6 66. Rf3 Ra5 67. Rc3 Ra4 68. Rb3 Ke7 69. Ke5 Ra5+ 70. Kd4 Ra4+ 71.
Kd3 Ke6 72. Ke3 Ke5 73. Kf3 Ke6 74. Kf4 Kd6 75. Rc3 Ke6 76. Rd3 Ke7 77. Ke5
Ra5+ 78. Kd4 Ra4+ 79. Kd5 Ra5+ 80. Kc6 Ra4 81. Kd5 Ra5+ 82. Kc6 Ra4 83. Re3 Ke6
84. Kb5 Ra8 85. a4 Ke5 86. Rf3 Ra7 87. a5 Kxe4 88. Rf6 Kd5 89. Kb6 Re7 90. a6
Re4 91. Kb7 Rb4+ 92. Rb6 Rxh4 93. a7 Ra4 94. Ra6 Rb4+ 95. Kc7 Rc4+ 96. Kd7 1-0

[Event "Lindores Abbey Tal Blitz 2021"]
[Site "Riga"]
[Date "2021.11.08"]
[Round "16.49"]
[White "Maltsevskaya, Aleksandra"]
[Black "Neiksans, Arturs"]
[Result "0-1"]
[WhiteElo "2411"]
[BlackElo "2575"]
[Annotator "ChessBase"]
[PlyCount "78"]
[EventDate "2021.11.02"]
[EventType "swiss"]
[EventCountry "LAT"]
[SourceTitle "playchess.com"]
[Source "ChessBase"]
[SourceQuality "1"]

1. e4 c5 2. Nf3 e6 3. d4 cxd4 4. Nxd4 Nc6 5. Nc3 Qc7 6. f4 a6 7. Nxc6 Qxc6 8.
Bd3 b5 9. Qe2 Bb7 10. Bd2 Bc5 11. O-O-O Ne7 12. Qh5 g6 13. Qg5 O-O-O 14. Kb1 f5
15. Rhe1 Kb8 16. g4 b4 17. Ne2 fxe4 18. Bxe4 Nd5 19. f5 gxf5 20. gxf5 Qb6 21.
Bxd5 Bxd5 22. Bf4+ Ka8 23. Nc1 Rhg8 24. Qh5 Rgf8 25. fxe6 dxe6 26. Be5 Rd7 27.
Qh6 Rc8 28. Nb3 a5 29. Bd4 Bxb3 30. Bxc5 Bxc2+ 31. Ka1 Rxd1+ 32. Rxd1 Qxc5 33.
Rc1 Qc6 34. Qe3 a4 35. Qd4 Qc5 36. Qf4 a3 37. Qf6 e5 38. Qa6+ Kb8 39. Rxc2 Qg1+
0-1

[Event "Lindores Abbey Tal Blitz 2021"]
[Site "Riga"]
[Date "2021.11.08"]
[Round "16.50"]
[White "Divya Deshmukh"]
[Black "Firat, Burak"]
[Result "0-1"]
[WhiteElo "2310"]
[BlackElo "2480"]
[Annotator "TA"]
[PlyCount "108"]
[EventDate "2021.11.02"]
[EventType "swiss"]
[EventCountry "LAT"]
[SourceTitle "playchess.com"]
[Source "ChessBase"]
[SourceQuality "1"]

1. e4 d6 2. d4 Nf6 3. Nc3 e5 4. Nf3 Nbd7 5. Bc4 Be7 6. O-O O-O 7. a4 c6 8. h3
h6 9. Be3 Re8 10. Bb3 Qc7 11. Qe2 exd4 12. Bxd4 Bf8 13. Rfe1 Ne5 14. Bxe5 dxe5
15. Nh4 Be6 16. Bxe6 Rxe6 17. Qc4 Qb6 18. b3 Qb4 19. Qd3 g6 20. a5 Qd4 21. Qg3
Nh5 22. Qe3 Bb4 23. Ne2 Qxe3 24. fxe3 Bxe1 25. Rxe1 Rd8 26. Nf3 Ng7 27. Kf2 Ne8
28. Nc1 Nd6 29. Nd2 f6 30. Nd3 Re7 31. Ke2 Kg7 32. Ra1 Red7 33. Nc5 Re7 34. Nd3
Nb5 35. Nc4 Nc3+ 36. Kf3 f5 37. Ndxe5 Nxe4 38. Nd3 g5 39. g4 fxg4+ 40. hxg4
Rf8+ 41. Ke2 Nc3+ 42. Kd2 Nd5 43. Nc5 Rf2+ 44. Kd3 b6 45. axb6 axb6 46. Ne4 Rf3
47. Ned6 Rfxe3+ 48. Nxe3 Rxe3+ 49. Kd4 Re2 50. c4 Nf4 51. Ra7+ Kf6 52. Ne4+ Ke6
53. Ng3 c5+ 54. Kc3 Re3+ 0-1

[Event "Lindores Abbey Tal Blitz 2021"]
[Site "Riga"]
[Date "2021.11.08"]
[Round "16.51"]
[White "Badelka, Olga"]
[Black "Miezis, Normunds"]
[Result "0-1"]
[WhiteElo "2438"]
[BlackElo "2446"]
[Annotator "NA"]
[PlyCount "112"]
[EventDate "2021.11.02"]
[EventType "swiss"]
[EventCountry "LAT"]
[SourceTitle "playchess.com"]
[Source "ChessBase"]
[SourceQuality "1"]

1. c4 c5 2. Nf3 Nc6 3. Nc3 e5 4. e3 f5 5. d4 e4 6. d5 Nb8 7. Ng1 d6 8. b3 g6 9.
Bb2 Bg7 10. Nge2 Nf6 11. h4 Nbd7 12. Nf4 Ne5 13. h5 Qa5 14. Be2 Bd7 15. Kf1
O-O-O 16. h6 Bf8 17. a3 Rg8 18. b4 Qc7 19. bxc5 dxc5 20. Nb5 Bxb5 21. cxb5 Qd6
22. Ne6 Rd7 23. Nxc5 Qxc5 24. Rc1 Rxd5 25. Rxc5+ Bxc5 26. Qc1 Rgd8 27. g3 b6
28. Kg2 Nfg4 29. Bxg4 Nxg4 30. Bd4 Kb7 31. Bxc5 Rxc5 32. Qb2 Rd7 33. Rc1 Rcd5
34. Rc2 Rd8 35. Qg7+ R8d7 36. Qf8 Rd8 37. Qe7+ R5d7 38. Qb4 Ne5 39. Qc3 Nf3 40.
Qc6+ Kb8 41. Rc1 Ne5 42. Qe6 Nd3 43. Rc2 Ne1+ 44. Kh3 Nxc2 45. a4 Nb4 46. Kg2
Nd3 47. Qf6 Nc5 48. a5 bxa5 49. b6 axb6 50. Qxb6+ Nb7 51. Qb5 Rd2 52. Qe5+ Ka7
53. Qc7 R8d7 54. Qc4 Rb2 55. Qg8 Rdd2 56. Qxh7 Rxf2+ 0-1

[Event "Lindores Abbey Tal Blitz 2021"]
[Site "Riga"]
[Date "2021.11.08"]
[Round "16.52"]
[White "Garifullina, Leya"]
[Black "Sukandar, Irine Kharisma"]
[Result "1-0"]
[WhiteElo "2416"]
[BlackElo "2406"]
[Annotator "TA"]
[PlyCount "87"]
[EventDate "2021.11.02"]
[EventType "swiss"]
[EventCountry "LAT"]
[SourceTitle "playchess.com"]
[Source "ChessBase"]
[SourceQuality "1"]

1. e4 c5 2. Nf3 Nc6 3. d4 cxd4 4. Nxd4 e5 5. Nb5 d6 6. c4 f5 7. exf5 Bxf5 8.
Bd3 Be6 9. N5c3 Nf6 10. O-O Be7 11. Bg5 O-O 12. Bxf6 Bxf6 13. Ne4 Nd4 14. Nbc3
Rc8 15. b3 Kh8 16. Qh5 g6 17. Qd1 Bg7 18. Ne2 Nf5 19. Qd2 d5 20. cxd5 Bxd5 21.
Rad1 Nd4 22. N2g3 a6 23. Ng5 b5 24. Be4 Rf4 25. Bxd5 Qxd5 26. Qe3 Rc2 27. Rc1
h6 28. N5e4 Kh7 29. Rxc2 Nxc2 30. Qc3 Nd4 31. Nd2 h5 32. Re1 Qf7 33. Nge4 Qe7
34. h3 Rf8 35. Qg3 Bh6 36. Qc3 Bf4 37. g3 Bxd2 38. Nxd2 Qf6 39. Qe3 Nc2 40. Ne4
Qf5 41. Qa7+ Rf7 42. Ng5+ Kg7 43. Nxf7 Nxe1 44. Nxe5+ 1-0

[Event "Lindores Abbey Tal Blitz 2021"]
[Site "Riga"]
[Date "2021.11.08"]
[Round "16.53"]
[White "Arakhamia-Grant, Ketevan"]
[Black "Lujan, Carolina"]
[Result "0-1"]
[WhiteElo "2362"]
[BlackElo "2340"]
[Annotator "TA"]
[PlyCount "50"]
[EventDate "2021.11.02"]
[EventType "swiss"]
[EventCountry "LAT"]
[SourceTitle "playchess.com"]
[Source "ChessBase"]
[SourceQuality "1"]

1. e4 c5 2. Nf3 e6 3. d4 cxd4 4. Nxd4 a6 5. Bd3 Qc7 6. c4 Nf6 7. O-O d6 8. Nc3
Be7 9. Be3 O-O 10. f4 Nbd7 11. Rc1 b6 12. g4 h6 13. Qf3 Bb7 14. Bb1 Nh7 15. Qg3
Qd8 16. Nf3 Rc8 17. b3 e5 18. h4 exf4 19. Bxf4 Ne5 20. Rfd1 Nxf3+ 21. Qxf3 Bxh4
22. Rxd6 Qe7 23. Rxb6 Ng5 24. Qe3 Rfd8 25. Re1 Bxe1 0-1

[Event "Lindores Abbey Tal Blitz 2021"]
[Site "Riga"]
[Date "2021.11.08"]
[Round "16.54"]
[White "Batsiashvili, Nino"]
[Black "Buksa, Nataliya"]
[Result "1-0"]
[WhiteElo "2491"]
[BlackElo "2410"]
[Annotator "TA"]
[PlyCount "68"]
[EventDate "2021.11.02"]
[EventType "swiss"]
[EventCountry "LAT"]
[SourceTitle "playchess.com"]
[Source "ChessBase"]
[SourceQuality "1"]

1. d4 d5 2. c4 e6 3. Nf3 Nf6 4. Nc3 Be7 5. Bf4 O-O 6. e3 b6 7. Bd3 dxc4 8. Bxc4
Ba6 9. Bxa6 Nxa6 10. O-O c5 11. Rc1 Nc7 12. dxc5 Ncd5 13. Nxd5 Nxd5 14. c6 Nxf4
15. exf4 Bf6 16. Ne5 Qc7 17. Nd7 Rfd8 18. Nxf6+ gxf6 19. Qf3 Rd4 20. f5 e5 21.
Rfd1 Rad8 22. Rxd4 Rxd4 23. g3 a5 24. h4 Kg7 25. b3 e4 26. Qe3 Qd6 27. c7 Rd1+
28. Kg2 Rxc1 29. Qxc1 e3 30. c8=Q Qd5+ 31. Kg1 e2 32. Q8c3 Qxf5 33. Q3e1 Qd3
34. Qcd2 Qd5 1-0

[Event "Lindores Abbey Tal Blitz 2021"]
[Site "Riga"]
[Date "2021.11.08"]
[Round "16.55"]
[White "Vantika Agrawal"]
[Black "Zawadzka, Jolanta"]
[Result "1/2-1/2"]
[WhiteElo "2329"]
[BlackElo "2429"]
[Annotator "NA"]
[PlyCount "84"]
[EventDate "2021.11.02"]
[EventType "swiss"]
[EventCountry "LAT"]
[SourceTitle "playchess.com"]
[Source "ChessBase"]
[SourceQuality "1"]

1. d4 d5 2. c4 e6 3. Nf3 Nf6 4. g3 Be7 5. Bg2 O-O 6. O-O c6 7. Qc2 b6 8. b3 Bb7
9. Rd1 Nbd7 10. Nc3 Rc8 11. e4 dxe4 12. Nxe4 c5 13. Nfg5 Nxe4 14. Nxe4 f5 15.
Nc3 Bxg2 16. Kxg2 cxd4 17. Rxd4 Qc7 18. Bb2 Bc5 19. Rdd1 Nf6 20. Qe2 Rce8 21.
Qf3 Ng4 22. Nb5 Qb8 23. Rd7 Rf7 24. Rxf7 Kxf7 25. Rd1 Re7 26. Nd4 Qc7 27. h3
Nf6 28. Nb5 Qb7 29. Qxb7 Rxb7 30. Bxf6 Kxf6 31. Kf3 a6 32. Nc3 e5 33. Nd5+ Ke6
34. g4 g6 35. gxf5+ gxf5 36. Rg1 b5 37. Rg8 bxc4 38. bxc4 Rb2 39. Re8+ Kd6 40.
Rd8+ Ke6 41. Re8+ Kd6 42. Rd8+ Ke6 1/2-1/2

[Event "Lindores Abbey Tal Blitz 2021"]
[Site "Riga"]
[Date "2021.11.08"]
[Round "16.56"]
[White "Martynov, Aleksandr"]
[Black "Melia, Salome"]
[Result "1-0"]
[WhiteElo "1648"]
[BlackElo "2371"]
[Annotator "TA"]
[PlyCount "97"]
[EventDate "2021.11.02"]
[EventType "swiss"]
[EventCountry "LAT"]
[SourceTitle "playchess.com"]
[Source "ChessBase"]
[SourceQuality "1"]

1. d4 Nf6 2. Nf3 d5 3. c4 e6 4. Nc3 c5 5. cxd5 Nxd5 6. g3 Nc6 7. Bg2 Nxc3 8.
bxc3 Be7 9. O-O O-O 10. Rb1 Qa5 11. Qc2 cxd4 12. cxd4 Nb4 13. Qd2 Qa4 14. a3
Nd5 15. e4 Nf6 16. Qe3 b6 17. Nd2 Ba6 18. Re1 Rac8 19. e5 Nd5 20. Bxd5 exd5 21.
e6 f6 22. Nf3 Rfe8 23. Nh4 g6 24. Qf3 Qc2 25. Bh6 Qd3 26. Qxd5 Bc4 27. Qf3 Qxf3
28. Nxf3 Bxa3 29. Ra1 Bb4 30. Reb1 a5 31. Bd2 Rxe6 32. Bxb4 axb4 33. Rxb4 Bd5
34. Nd2 Rec6 35. Rbb1 b5 36. Nf1 Bc4 37. Ne3 Bd3 38. Re1 Rd8 39. d5 Rb6 40.
Rad1 Bc4 41. Rd4 Rd7 42. Rb1 Be2 43. f4 Kf7 44. Kf2 Bh5 45. Rdb4 f5 46. Rxb5
Rxb5 47. Rxb5 Ke7 48. h3 Ra7 49. Rb2 1-0

[Event "Lindores Abbey Tal Blitz 2021"]
[Site "Riga"]
[Date "2021.11.08"]
[Round "16.57"]
[White "Arabidze, Meri"]
[Black "Rogule, Laura"]
[Result "1-0"]
[WhiteElo "2441"]
[BlackElo "2289"]
[Annotator "NA"]
[PlyCount "110"]
[EventDate "2021.11.02"]
[EventType "swiss"]
[EventCountry "LAT"]
[SourceTitle "playchess.com"]
[Source "ChessBase"]
[SourceQuality "1"]

1. Nf3 d5 2. g3 c6 3. Bg2 Nf6 4. O-O Bg4 5. d3 Nbd7 6. Nbd2 e5 7. h3 Bxf3 8.
Nxf3 Bc5 9. d4 Bd6 10. dxe5 Nxe5 11. Nd4 Qd7 12. a4 O-O 13. b3 Rfe8 14. Bb2
Rad8 15. Nf3 Nxf3+ 16. exf3 Be5 17. Bxe5 Rxe5 18. Qd4 Re2 19. Qxa7 Rxc2 20.
Rac1 Rxc1 21. Rxc1 d4 22. Rd1 g6 23. Bf1 Kg7 24. Qc5 Qd5 25. Qxd5 Rxd5 26. Bc4
Rd6 27. b4 Nd7 28. f4 c5 29. bxc5 Nxc5 30. Bb5 Ne4 31. Rd3 Kf6 32. Kf1 h5 33.
Ke2 Nc5 34. Rd1 Re6+ 35. Kf3 Rd6 36. g4 hxg4+ 37. hxg4 Ne6 38. Bc4 Nc5 39. Bb5
Ne6 40. Rd2 Ke7 41. Rd1 g5 42. fxg5 Nxg5+ 43. Ke2 Ne6 44. Rc1 Kf6 45. Kd3 Kg5
46. f3 Kf4 47. Rb1 Kxf3 48. Rf1+ Kxg4 49. Rxf7 Kg5 50. Re7 Nc5+ 51. Kd2 Kf4 52.
Rf7+ Ke5 53. Rc7 Kd5 54. Re7 Ne4+ 55. Kd3 Nc5+ 1-0

[Event "Lindores Abbey Tal Blitz 2021"]
[Site "Riga"]
[Date "2021.11.08"]
[Round "16.58"]
[White "Atalik, Ekaterina"]
[Black "Eizaguerri Floris, Maria"]
[Result "0-1"]
[WhiteElo "2430"]
[BlackElo "2328"]
[Annotator "NA"]
[PlyCount "110"]
[EventDate "2021.11.02"]
[EventType "swiss"]
[EventCountry "LAT"]
[SourceTitle "playchess.com"]
[Source "ChessBase"]
[SourceQuality "1"]

1. d4 d5 2. c4 e6 3. Nc3 Nf6 4. cxd5 exd5 5. Bg5 c6 6. e3 Be7 7. Bd3 Nbd7 8.
Nf3 Nh5 9. Bxe7 Qxe7 10. Qc2 g6 11. O-O-O Nb6 12. h3 Bd7 13. Kb1 O-O-O 14. Na4
Nxa4 15. Qxa4 Kb8 16. Rc1 Rhe8 17. Qb3 Ka8 18. Rc5 b6 19. Rc2 Ng7 20. Rhc1 f6
21. Qa4 Ne6 22. Rc3 c5 23. Bb5 Bxb5 24. Qxb5 Qd7 25. Qa6 Qb7 26. Qxb7+ Kxb7 27.
dxc5 bxc5 28. Rb3+ Ka8 29. Rd3 Kb7 30. Rcd1 Kc6 31. Ra3 Re7 32. Rc1 Rb7 33.
Nd4+ Nxd4 34. exd4 c4 35. Rf3 f5 36. Re3 Rf7 37. Rce1 f4 38. Re6+ Rd6 39. Re8
f3 40. g3 h5 41. h4 a6 42. Kc2 Kd7 43. Ra8 Rff6 44. Ra7+ Kc6 45. Rxa6+ Kb5 46.
Rxd6 Rxd6 47. Re8 Ra6 48. a3 Rf6 49. Kc3 Rf5 50. Re6 g5 51. hxg5 Rxg5 52. Rf6
h4 53. Rxf3 h3 54. Rf8 Rh5 55. g4 Rh4 0-1

[Event "Lindores Abbey Tal Blitz 2021"]
[Site "Riga"]
[Date "2021.11.08"]
[Round "16.59"]
[White "Bivol, Alina"]
[Black "Golsta, Madara"]
[Result "1-0"]
[WhiteElo "2377"]
[BlackElo "2003"]
[Annotator "NA"]
[PlyCount "71"]
[EventDate "2021.11.02"]
[EventType "swiss"]
[EventCountry "LAT"]
[SourceTitle "playchess.com"]
[Source "ChessBase"]
[SourceQuality "1"]

1. e4 c5 2. Nf3 d6 3. Bb5+ Nd7 4. d4 cxd4 5. Qxd4 a6 6. Be2 h6 7. c4 Ngf6 8.
Nc3 g6 9. O-O Bg7 10. Rd1 O-O 11. h3 Nc5 12. e5 Nfd7 13. Be3 Nxe5 14. Nxe5 Bxe5
15. Qxe5 dxe5 16. Rxd8 Rxd8 17. Bxc5 Rd2 18. b3 Rc2 19. Bb4 a5 20. Bd1 axb4 21.
Bxc2 bxc3 22. a4 Be6 23. Rd1 Ra6 24. c5 Rc6 25. b4 Bc4 26. Be4 Rc7 27. Rc1 Bb3
28. a5 f5 29. Rxc3 Be6 30. Bc2 Bd7 31. Bd3 e4 32. Be2 Kf8 33. b5 Ke8 34. c6
bxc6 35. b6 Rc8 36. a6 1-0

[Event "Lindores Abbey Tal Blitz 2021"]
[Site "Riga"]
[Date "2021.11.08"]
[Round "17.1"]
[White "Martirosyan, Haik M."]
[Black "Shevchenko, Kirill"]
[Result "1/2-1/2"]
[WhiteElo "2624"]
[BlackElo "2647"]
[Annotator "TA"]
[PlyCount "53"]
[EventDate "2021.11.02"]
[EventType "swiss"]
[EventCountry "LAT"]
[SourceTitle "playchess.com"]
[Source "ChessBase"]
[SourceQuality "1"]

1. d4 Nf6 2. c4 g6 3. Nf3 Bg7 4. g3 O-O 5. Bg2 d6 6. O-O Nbd7 7. Nc3 e5 8. h3
Re8 9. e4 b6 10. Re1 exd4 11. Nxd4 Bb7 12. g4 Nc5 13. f3 d5 14. cxd5 Nxd5 15.
Nxd5 Bxd5 16. Be3 Bb7 17. Qd2 Ne6 18. Rad1 Nxd4 19. Bxd4 Qxd4+ 20. Qxd4 Bxd4+
21. Rxd4 Rad8 22. Red1 Rxd4 23. Rxd4 Kf8 24. Rd7 Re7 25. Rd8+ Re8 26. Rd7 Re7
27. Rd8+ 1/2-1/2

[Event "Lindores Abbey Tal Blitz 2021"]
[Site "Riga"]
[Date "2021.11.08"]
[Round "17.2"]
[White "Aronian, Levon"]
[Black "Caruana, Fabiano"]
[Result "0-1"]
[WhiteElo "2782"]
[BlackElo "2791"]
[Annotator "TA"]
[PlyCount "74"]
[EventDate "2021.11.02"]
[EventType "swiss"]
[EventCountry "LAT"]
[SourceTitle "playchess.com"]
[Source "ChessBase"]
[SourceQuality "1"]

1. d4 Nf6 2. Bf4 d5 3. e3 g6 4. Nf3 Bg7 5. c3 O-O 6. Nbd2 b6 7. a4 Bb7 8. a5 c5
9. Qa4 c4 10. Be2 Bc6 11. Qa2 Nbd7 12. O-O b5 13. a6 Ne4 14. Rfd1 Nxd2 15. Rxd2
Nf6 16. b3 Ne4 17. Rc2 Rc8 18. bxc4 dxc4 19. Rb1 Qd5 20. h3 g5 21. Bh2 h5 22.
Ne1 f5 23. Bxh5 g4 24. hxg4 Nf6 25. Re2 fxg4 26. Bg6 Qg5 27. Qc2 Nd5 28. Bh7+
Kh8 29. Be4 Rf6 30. Bxd5 Qxd5 31. Be5 Rf7 32. e4 Qe6 33. f4 Bxe5 34. fxe5 Rcf8
35. Qd2 Rf1+ 36. Kh2 g3+ 37. Kxg3 Qg6+ 0-1